Analysis of evidence / (Record no. 5566)

MARC details
000 -LEADER
fixed length control field 03431cam a2200517 a 4500
001 - CONTROL NUMBER
control field ocm65820882
003 - CONTROL NUMBER IDENTIFIER
control field OCoLC
005 - DATE AND TIME OF LATEST TRANSACTION
control field 20200423160513.0
008 - FIXED-LENGTH DATA ELEMENTS--GENERAL INFORMATION
fixed length control field 060322s2005 nyua b 001 0 eng
010 ## - LIBRARY OF CONGRESS CONTROL NUMBER
LC control number 2006273705
020 ## - INTERNATIONAL STANDARD BOOK NUMBER
International Standard Book Number 9780521673167
Qualifying information (pbk.)
020 ## - INTERNATIONAL STANDARD BOOK NUMBER
International Standard Book Number 052167316X
Qualifying information (pbk.)
035 ## - SYSTEM CONTROL NUMBER
System control number (OCoLC)65820882
040 ## - CATALOGING SOURCE
Original cataloging agency DLC
Language of cataloging eng
Transcribing agency TZ-ArACH
043 ## - GEOGRAPHIC AREA CODE
Geographic area code n-us---
049 ## - LOCAL HOLDINGS (OCLC)
Holding library TZAA
050 00 - LIBRARY OF CONGRESS CALL NUMBER
Classification number KF8935
Item number .A84
082 04 - DEWEY DECIMAL CLASSIFICATION NUMBER
Classification number 349.77306 AND
100 1# - MAIN ENTRY--PERSONAL NAME
Personal name Anderson, Terence.
245 10 - TITLE STATEMENT
Title Analysis of evidence /
Statement of responsibility, etc Terence Anderson, David Schum, William Twining.
250 ## - EDITION STATEMENT
Edition statement 2nd ed.
260 ## - PUBLICATION, DISTRIBUTION, ETC. (IMPRINT)
Place of publication, distribution, etc New York :
Name of publisher, distributor, etc Cambridge University Press,
Date of publication, distribution, etc 2005.
300 ## - PHYSICAL DESCRIPTION
Extent xxxii, 401 pages :
Other physical details illustrations ;
Dimensions 23 cm.
490 1# - SERIES STATEMENT
Series statement Law in context
500 ## - GENERAL NOTE
General note Originally published: Boston : Little, Brown, 1991.
505 0# - FORMATTED CONTENTS NOTE
Formatted contents note Evidence and inference : some food for thought -- Fact investigation and the nature of evidence -- Principles of proof -- Methods of analysis -- The chart method -- Outlines, chronologies, and narrative -- Analyzing the decided case : anatomy of a cause c�el�ebre -- Evaluating evidence -- Probabilities, weight, and probative force -- Necessary but dangerous : generalizations and stories in argumentation about facts -- The principles of proof and the law of evidence -- The trial lawyer's standpoint.
520 ## - SUMMARY, ETC.
Summary, etc This extensively revised second edition is a rigorous introduction to the construction and criticism of arguments about questions of fact, and to the marshalling and evaluation of evidence at all stages of litigation. It covers the principles underlying the logic of proof; the uses and dangers of story-telling; standards for decision and the relationship between probabilities and proof; the chart method and other methods of analyzing and ordering evidence in fact-investigation, in preparing for trial, and in connection with other important decisions in legal processes and in criminal investigation and intelligence analysis. Most of the chapters in this new edition have been rewritten; the treatment of fact investigation, probabilities and narrative has been extended; and new examples and exercises have been added. Designed as a flexible tool for undergraduate and postgraduate courses on evidence and proof, students, practitioners and teachers alike will find this book challenging but rewarding.
650 #0 - SUBJECT ADDED ENTRY--TOPICAL TERM
Topical term or geographic name as entry element Evidence (Law)
Geographic subdivision United States.
650 #0 - SUBJECT ADDED ENTRY--TOPICAL TERM
Topical term or geographic name as entry element Evidence (Law)
General subdivision Study and teaching
Geographic subdivision United States.
650 #6 - SUBJECT ADDED ENTRY--TOPICAL TERM
Topical term or geographic name as entry element Preuve (Droit)
Geographic subdivision États-Unis.
650 #6 - SUBJECT ADDED ENTRY--TOPICAL TERM
Topical term or geographic name as entry element Preuve (Droit)
General subdivision Étude et enseignement
Geographic subdivision États-Unis.
650 #7 - SUBJECT ADDED ENTRY--TOPICAL TERM
Topical term or geographic name as entry element 86.03 theory and methodology of law.
Source of heading or term bcl
650 #7 - SUBJECT ADDED ENTRY--TOPICAL TERM
Topical term or geographic name as entry element Preuves.
Source of heading or term eclas
650 #7 - SUBJECT ADDED ENTRY--TOPICAL TERM
Topical term or geographic name as entry element Procédure judiciaire.
Source of heading or term eclas
650 #7 - SUBJECT ADDED ENTRY--TOPICAL TERM
Topical term or geographic name as entry element Evidence (Law)
Source of heading or term fast
9 (RLIN) 8331
650 #7 - SUBJECT ADDED ENTRY--TOPICAL TERM
Topical term or geographic name as entry element Evidence (Law)
General subdivision Study and teaching.
Source of heading or term fast
651 #7 - SUBJECT ADDED ENTRY--GEOGRAPHIC NAME
Geographic name United States.
Source of heading or term fast
655 #7 - INDEX TERM--GENRE/FORM
Genre/form data or focus term Educational tools (form)
Source of term gtt
700 1# - ADDED ENTRY--PERSONAL NAME
Personal name Twining, William,
Dates associated with a name 1934-
700 1# - ADDED ENTRY--PERSONAL NAME
Personal name Wigmore, John Henry,
Dates associated with a name 1863-1943.
Title of a work Principles of judicial proof.
830 #0 - SERIES ADDED ENTRY--UNIFORM TITLE
Uniform title Law in context.
9 (RLIN) 798
856 41 - ELECTRONIC LOCATION AND ACCESS
Materials specified Table of contents
Uniform Resource Identifier <a href="http://catdir.loc.gov/catdir/enhancements/fy0632/2006273705-t.html">http://catdir.loc.gov/catdir/enhancements/fy0632/2006273705-t.html</a>
856 42 - ELECTRONIC LOCATION AND ACCESS
Materials specified Contributor biographical information
Uniform Resource Identifier <a href="http://catdir.loc.gov/catdir/enhancements/fy0732/2006273705-b.html">http://catdir.loc.gov/catdir/enhancements/fy0732/2006273705-b.html</a>
856 42 - ELECTRONIC LOCATION AND ACCESS
Materials specified Publisher description
Uniform Resource Identifier <a href="http://catdir.loc.gov/catdir/enhancements/fy0632/2006273705-d.html">http://catdir.loc.gov/catdir/enhancements/fy0632/2006273705-d.html</a>
942 ## - ADDED ENTRY ELEMENTS (KOHA)
Source of classification or shelving scheme Library of Congress Classification
Koha item type Books
Holdings
Home library Current library Date acquired Full call number Barcode Koha item type
African Court on Human and Peoples' Rights Library African Court on Human and Peoples' Rights Library 21/04/2020 KF8935 .A84 10208666 Books
African Court on Human and Peoples' Rights Library African Court on Human and Peoples' Rights Library 23/04/2020 KF8935 .A84 10208453 Books

African Court on Human and Peoples' Rights | For Inquiries Contact » +255 272 510 510